Prywatyzacja przedsiebiorstw panstwowych przebieg i ocena

Guardado en:
Detalles Bibliográficos
Autor principal: Baltowski, Maciej
Formato: Libro
Lenguaje:polaco
Publicado: Warszawa Wydawnictwo Naukowe PWN 1998
Materias:
Etiquetas: Agregar Etiqueta
Sin Etiquetas, Sea el primero en etiquetar este registro!

MARC

LEADER 00000nam a2200000 4500
001 c123115
005 20221221083336.3
020 |a 83-01-12737-6 
041 0 |a pol 
044 |a PL 
245 1 0 |a Prywatyzacja przedsiebiorstw panstwowych  |b przebieg i ocena  |c Maciej Baltowski 
264 1 |a Warszawa  |b Wydawnictwo Naukowe PWN  |c 1998 
300 |a 298 s. 
610 2 0 |a privatizácia 
610 2 0 |a podnik štátny 
610 2 0 |a sektor súkromný 
610 2 0 |a zákony 
610 2 0 |a koncepcie 
610 2 0 |a vývoj 
610 2 0 |a história 
610 2 0 |a fondy investičné 
610 2 0 |a výskum 
610 2 0 |a reštrukturalizácia 
100 1 |a Baltowski, Maciej